| 000 | 00740nam a2200277Ia 4500 | ||
|---|---|---|---|
| 003 | OSt | ||
| 005 | 20220912150902.0 | ||
| 006 | a|||||r|||| 00| 0 | ||
| 007 | ta | ||
| 008 | 220909b |||||||| |||| 00| 0 eng d | ||
| 024 | _a36569 | ||
| 037 | _cTextual | ||
| 040 |
_aCSL _beng _cCSL |
||
| 041 | _aeng | ||
| 082 | _aC4:5, L7;1 | ||
| 100 | _aPfeuty Pierre | ||
| 245 | 0 | _aIntroduction to the renormalization group and to critical phenomena | |
| 260 |
_aLondon _bJohn Wiley _c1977 |
||
| 300 |
_axi,190p. _ccm. |
||
| 650 | _a Change of state | ||
| 650 | _a Heat | ||
| 650 | _aPhysics | ||
| 700 | _a Toulouse Gerard | ||
| 942 |
_hC4:5, L7;1 _cTEXL _2CC |
||
| 999 |
_c56880 _d56880 |
||